MDQL
is popping MORE tags! Check the
thread
!
Quizzes
Events
Quiz Creation
Community
Videos
Private Events
Remove Ads
Sign In
Join for FREE
Feedback
Dark Mode
Quiz Categories
Sports
Geography
Music
Movies
Television
Just For Fun
Miscellaneous
History
Literature
Language
Science
Gaming
Entertainment
Religion
Holiday
For Kids
Quiz Lab
Recent
Popular Today
Quiz Kudos Today
Editor Picks
Curator Picks
Quizzes by...
Day
Popularity
Type
Ratings
Length
Year
Community
Subscriptions
Recent Discussions
Orange Saloon
Badges
Playlists
Quests
Create
Leaderboards
Showdown
Live 5
Trivia Bingo
Activity
Puzzle Library
Sporcle Events
Private Events
Virtual Trivia
Globe League
Become a Host
Pub Owners
SporcleCon
Opinionation
Our Games
Videos
Blog
Mobile Apps
Partnerships
Remove Ads and Go Orange
Feedback
Television
TV Characters
TV Show
Sitcom
Network
Friends
Reality Shows
Cast
South Park
Star Trek
The Simpsons
Doctor Who
Television
TV Characters
TV Show
Sitcom
Network
Friends
Reality Shows
Cast
South Park
Star Trek
The Simpsons
Doctor Who
Random Quiz
Search Sporcle
×
Quiz Lab
Quiz Lab
Television
schrute
Type in answers that appear in a list
Type in answers that appear in a list
Classic
Best Score? Go Orange.
The Office: Dwight Schrute Stats
Can you name the answers to this trivia about Dwight Schrute?
By
michael_scott
3m
27 Questions
300 Plays
300 Plays
300 Plays
Comments
Comments
Give Quiz Kudos
Give Quiz Kudos
-
- Ratings
hide this ad
Replay
Link that replays current quiz
Next Quiz
Link to next quiz in quiz playlist
You Got
0%
They Got
Avg Score
49%
Avg Friend Score
Upgrade to see
Score Distribution
Jump to the score distribution portion of the page
Score
0/27
Timer
03:00
0
Plays Today
Hint
Answer
% Correct
What does kind of farm does Dwight own?
Beet Farm
97.7%
Who is Dwight's wife?
Angela
95%
What is Dwight's cousin's name?
Mose
87.4%
Who is Dwight's actor?
Rainn Wilson
87.3%
What is Dwight's job title?
Assistant to the Regional Manager
83%
What weapon does Dwight use to defend Jim from Roy?
Pepper Spray
79.7%
Where does Dwight work temporarily after he resigns during the 3rd season?
Staples
78%
What tv show does Dwight obsess about?
Battlestar Galactica
65.3%
What virtual computer game does Dwight play?
Second Life
62.7%
What belt is Dwight?
Purple
62.7%
In Dwight's wildest fantasy, what is his salary?
80,000
52%
What is Dwight's son's name?
Philip
51%
What kind of car does Dwight drive?
Pontiac Trans-Am
51%
What word did Dwight misspell in the final round of the spelling bee?
Failure
47.7%
Hint
Answer
% Correct
What is Dwight's father's name?
Dwight
46.7%
What is Dwight's job on the weekends (hint volunteer...)?
Volunteer Sheriff Deputy
44.6%
What does Dwight hide the walkie-
talkie in that he gives to Jim?
Wooden Mallard
43.8%
What does Dwight say his name is when he has a concussion?
Danger
42.7%
What does Dwight collect?
Bobbleheads
39.7%
What is Dwight's favorite movie?
The Crow
32%
What disease does Dwight get in Tallahassee?
Appendicitis
30.7%
How fast does Dwight run (mph) when the police put up the radar gun?
13 mph
27.6%
What movie did Dwight see accidentaly instead of Grizzly Man?
Wedding Crashers
26.7%
Whose speech does Dwight use as a reference for his speech?
Benito Mussolini
22.3%
Who does Dwight tip?
His Urologist
20.2%
What does Dwight say people who can't farm, farm?
Celery
16.1%
What does Dwight drees up as for Halloween in season 8?
Kerrigan
2.8%
Quiz Playlist
Details
Report
Send in Message
Add To Playlist
Classic:
Type in answers that appear in a list
Last Updated: Feb 16, 2017
Quiz Scoreboard
CHALLENGE
Sign Up to Join the Scoreboard
Show All
Scores
Hide
Comments
May contain spoilers
Recently Published
Street Fighter Characters
by Artimus82
Gaming
60s
9x9 Crossword: Cartoon Network
by jackfrog10
Miscellaneous
3m
College Basketball Coaching Resumes
by pancakes188
Sports
9m
More to Explore
Quiz From the Vault
Featured Blog Post
Where Did the Easter Bunny Come From?
hide this ad
You Might Also Like...
Tags
Dwight
Dwight Schrute
office
schrute
Today's Top Quizzes in Television
Browse Television
hide this ad
Today's Top Quizzes in schrute
Browse schrute
Top Contributed Quizzes in Television
1
5-to-1: The Simpsons Families
2
Adjectives in 80s TV Shows
3
Adjectives in 00s TV Shows
4
Survivor Journey Challenge
5
5-to-1: Television Doctors
6
7-to-1: TV Show Settings
7
Adjectives in 10s TV Shows
8
5-to-1: Streaming Originals
9
Survivor Seasons
10
Adjectives in 70s TV Shows
Explore More
Trending Topics
Crossword
Anime
Marvel
Disney
NBA
Kpop
Harry Potter
Puzzle
Country
Soccer
WWE
Pokémon
NFL
The Office
Song
hide this ad
More By:
michael_scott
Quiz
Plays
Rating
Category
Featured
Created
The Office: Managers in Order Minefield
27,646
3.68
Television
Oct 1, 2013
The Office: Trivia by Episode (Season 3)
2,371
3.33
Television
Aug 22, 2013
The Office: Trivia by Episode (Season 2)
2,140
2.80
Television
Aug 22, 2013
The Office: End the Quote (clickable)
1,890
2.50
Television
Oct 2, 2013
The Office: Trivia by Episode (Season 4)
1,729
2.40
Television
Sep 1, 2013
Go to Creator's Profile
Score Distribution
Quiz Creator Spotlight
michael_scott
Follow
Send a Message
Quizzes Created
-
Created Quiz Play Count
-
More By This Creator
Popular Quizzes Today
1
Find the US States - No Outlines Minefield
2
Find the Countries of Europe - No Outlines Minefield
3
The Countries of the World
4
Find the US States
5
Risky Map Clicking: Biggest States A-Z
6
US States
7
Popular People in 1961
8
Movies - When Are They Set?
More Television Quizzes
Soccer on TV Shows
Published
Trending Quizzes
Risky Map Clicking: Least Populous States A-Z
Countries of the World: 200 Million BC
1-10 Letter G Words
Risky Map Clicking: Next State Alphabetically
Adjectives in 80s TV Shows
Recently Updated
Leaping Animals
pecheneg
Reality TV Shows (A-Z)
bhenderson79
Rickey Henderson's Hall of Fame Teammates
pecheneg
Champions League XIs: Arsenal
pecheneg
Quick Pick: Celebrities in WWE's Hall of Fame
aduchscher
A-Z Keypad Blitz II
pecheneg
Multiple Oscar Actors
pecheneg
Mystery Phrase Blitz: Oscar 'Best Actors'
pecheneg
F. Scott Fitzgerald Novels
LTH
Pick 3 Villains
ddd62291
Trending Topics
Disney
Anime
Marvel
Crossword
NBA
Kpop
Harry Potter
Puzzle
Pokémon
Country
Song
NFL
WWE
The Office
Soccer
Your Account Isn't Verified!
In order to create a playlist on Sporcle, you need to verify the email address you used during registration. Go to your
Sporcle Settings
to finish the process.
Report this User
Report this user for behavior that violates our
Community Guidelines
.
Details:
Send Report
Go to the Sporcle.com Mobile Site →
Comments